Практические основы организации испытаний промышленной продукции для ТЭК РФ (Запись № 13639682)

Подробности
000 -МАРКЕР
контрольное поле 03812nam0a2200445 4500
001 - ИДЕНТИФИКАТОР ЗАПИСИ
контрольное поле RU\NLR\BIBL_A\022735884
005 - ИДЕНТИФИКАТОР ВЕРСИИ
контрольное поле 20260318161614.0
010 ## - МЕЖДУНАРОДНЫЙ СТАНДАРТНЫЙ НОМЕР КНИГИ (ISBN)
Номер (ISBN) 978-5-91961-581-1
Тираж 300
021 ## - НОМЕР ГОСУДАРСТВЕННОЙ РЕГИСТРАЦИИ
Код страны Российская Федерация
Номер КН-П-26-000706
Номер Листа государственной регистраци КН-П-26-0066
035 ## - ДРУГИЕ СИСТЕМНЫЕ НОМЕРА
Идентификатор записи (NLR Aleph) 022735884
100 ## - ДАННЫЕ ОБЩЕЙ ОБРАБОТКИ
Данные общей обработки 20260225d2025 u y0rusy50 ca
101 0# - ЯЗЫК РЕСУРСА
Язык текста, звукозаписи и т.д. русский
102 ## - СТРАНА ПУБЛИКАЦИИ ИЛИ ПРОИЗВОДСТВА
Страна публикации Российская Федерация
105 ## - ПОЛЕ КОДИРОВАННЫХ ДАННЫХ: ТЕКСТОВЫЕ МАТЕРИАЛЫ, МОНОГРАФИЧЕСКИЕ
Кодированные данные о монографическом текстовом документе acb j 010yy
181 #0 - ПОЛЕ КОДИРОВАННЫХ ДАННЫХ: ВИД СОДЕРЖАНИЯ
Код вида содержания (ISBD) i3
Код характеристики содержания (ISBD) axxe
182 #0 - ПОЛЕ КОДИРОВАННЫХ ДАННЫХ: ТИП СРЕДСТВА
Код типа средства (ISBD) n - непосредственное
200 1# - ЗАГЛАВИЕ И СВЕДЕНИЯ ОБ ОТВЕТСТВЕННОСТИ
Основное заглавие Практические основы организации испытаний промышленной продукции для ТЭК РФ
Параллельное заглавие Practical grounfs of organizing industrial products testing for the Fuel and energy complex of the Russian Federation
Сведения, относящиеся к заглавию учебное пособие
-- для студентов бакалавриата, обучающихся по направлению 27.03.01 "Стандартизация и метрология", и магистратуры по направлениям 27.04.01 "Стандартизация и метрология", 21.04.01 "Нефтегазовое дело", 15.04.02 "Технологические машины и оборудование"
Первые сведения об ответственности Н. Н. Андреева, О. Ю. Елагина, М. П. Поликарпов [и др.]
Язык параллельного заглавия английский
203 ## - ВИД СОДЕРЖАНИЯ И ТИП СРЕДСТВА
Вид содержания Текст
Дополнительные сведения об издании визуальный
Тип средства непосредственный
210 ## - ПУБЛИКАЦИЯ, РАСПРОСТРАНЕНИЕ И ДР.
Место издания, распространения и т.д. Москва
Имя издателя, распространителя и т. д. РГУ нефти и газа (НИУ) им. И. М. Губкина
Дата издания, распространения и т.д. 2025
215 ## - ФИЗИЧЕСКАЯ ХАРАКТЕРИСТИКА
Специфическое обозначение материала и объем 367 с.
Другие сведения о физической характеристике ил., табл., цв. ил., портр., карты
Размеры 25
225 1# - СЕРИЯ
Основное заглавие серии Приоритет 2030
300 ## - ОБЩИЕ ПРИМЕЧАНИЯ
Текст примечания Авт. также на англ. яз.: N. N. Andreeva, O. Yu. Elagina, M. P. Polikarpov [et al]
300 ## - ОБЩИЕ ПРИМЕЧАНИЯ
Текст примечания На с. 366-367 авт.: Н. Н. Андреева, д-р техн. наук, проф., О. Ю. Елагина, д-р техн. наук, проф., М. П. Поликарпов, канд. техн. наук, доц. [и др.]
300 ## - ОБЩИЕ ПРИМЕЧАНИЯ
Текст примечания На авантит.: Посвящается 95-летию РГУ нефти и газа (НИУ) имени И. М. Губкина
320 ## - ПРИМЕЧАНИЯ О НАЛИЧИИ В ДОКУМЕНТЕ БИБЛИОГРАФИИ / УКАЗАТЕЛЯ
Текст примечания Библиогр.: с. 363-365 (65 назв.) и в подстроч. примеч.
510 1# - ПАРАЛЛЕЛЬНОЕ ЗАГЛАВИЕ
Связь между полями z22790
Параллельное заглавие Practical grounfs of organizing industrial products testing for the Fuel and energy complex of the Russian Federation
Язык заглавия английский
606 1# - НАИМЕНОВАНИЕ ТЕМЫ КАК ПРЕДМЕТ
Наименование темы Нефтегазовая промышленность
Формальный подзаголовок Учебные издания для высших учебных заведений
Тематический подзаголовок Государственное регулирование
Географический подзаголовок Российская Федерация
Системный номер авторитетной/нормативной записи 2524723
Идентификатор авторитетной/нормативной записи RU\NLR\AUTH\6601710087
606 1# - НАИМЕНОВАНИЕ ТЕМЫ КАК ПРЕДМЕТ
Наименование темы Промышленная продукция
Формальный подзаголовок Учебные издания для высших учебных заведений
Тематический подзаголовок Испытание
-- Государственный контроль
Системный номер авторитетной/нормативной записи 2701329
Идентификатор авторитетной/нормативной записи RU\NLR\AUTH\6601767805
606 1# - НАИМЕНОВАНИЕ ТЕМЫ КАК ПРЕДМЕТ
Наименование темы Технический контроль
Формальный подзаголовок Учебные издания для высших учебных заведений
Системный номер авторитетной/нормативной записи 907300
Идентификатор авторитетной/нормативной записи RU\NLR\AUTH\6611013
686 1# - ИНДЕКСЫ ДРУГИХ КЛАССИФИКАЦИЙ
Индекс Х621.175я73
686 1# - ИНДЕКСЫ ДРУГИХ КЛАССИФИКАЦИЙ
Индекс Ж607я73-1
701 #1 - ИМЯ ЛИЦА - АЛЬТЕРНАТИВНАЯ ОТВЕТСТВЕННОСТЬ
Графика поля Кириллица
Материалы, к которым относится поле rus
Начальный элемент ввода Андреева
Часть имени, кроме начального элемента ввода Н. Н.
Дополнения к именам, кроме дат д-р техн. наук, нефтегаз. месторождения
Даты 1950-
Расширение инициалов личного имени Наталья Николаевна
Системный номер авторитетной/нормативной записи 42284
Идентификатор авторитетной/нормативной записи RU\NLR\AUTH\7759352
701 #1 - ИМЯ ЛИЦА - АЛЬТЕРНАТИВНАЯ ОТВЕТСТВЕННОСТЬ
Начальный элемент ввода Елагина
Часть имени, кроме начального элемента ввода О. Ю.
Дополнения к именам, кроме дат д-р техн. наук
Расширение инициалов личного имени Оксана Юрьевна
Системный номер авторитетной/нормативной записи 155280
Идентификатор авторитетной/нормативной записи RU\NLR\AUTH\770155319
701 #1 - ИМЯ ЛИЦА - АЛЬТЕРНАТИВНАЯ ОТВЕТСТВЕННОСТЬ
Начальный элемент ввода Поликарпов
Часть имени, кроме начального элемента ввода М. П.
Расширение инициалов личного имени Максим Петрович
790 #1 - ИМЯ ЛИЦА - АЛЬТЕРНАТИВНАЯ ФОРМА
Связь между полями z22510
Графика поля Латинская
Материалы, к которым относится поле rus
Начальный элемент ввода Andreeva
Часть имени, кроме начального элемента ввода N. N.
Дополнения к именам, кроме дат д-р техн. наук, , нефтегаз. месторождения
Даты 1950-
Расширение инициалов личного имени Natal'ja Nikolaevna
Системный номер авторитетной/нормативной записи 2700785
Идентификатор авторитетной/нормативной записи RU\NLR\AUTH\770291039
942 ## - ДОПОЛНИТЕЛЬНЫЕ ЭЛЕМЕНТЫ ЗАПИСИ (АБИС)
Тип экземпляра АБИС Книга
980 ## - КОЛЛЕКЦИЯ
Название коллекции Национальная библиография

Нет доступных экземпляров.